Multiplications : les 7 par les 8 - Statistiques

Statistiques générales
  • Ce quiz a été pris 94 fois
    86 depuis la dernière actualisation
  • Le résultat moyen est 3 sur 15
Statistiques - réponses
.7 x .8 = ... % Correct
17 x 68 1156
100%
27 x 78 2106
100%
57 x 48 2736
100%
77 x 38 2926
100%
37 x 88 3256
100%
57 x 58 3306
100%
97 x 48 4656
100%
97 x 88 8536
100%
77 x 48 3696
50%
27 x 38 1026
0%
57 x 18 1026
0%
37 x 28 1036
0%
67 x 18 1206
0%
27 x 48 1296
0%
47 x 28 1316
0%
17 x 78 1326
0%
77 x 18 1386
0%
37 x 38 1406
0%
17 x 88 1496
0%
27 x 58 1566
0%
87 x 18 1566
0%
57 x 28 1596
0%
17 x 98 1666
0%
97 x 18 1746
0%
37 x 48 1776
0%
47 x 38 1786
0%
27 x 68 1836
0%
67 x 28 1876
0%
37 x 58 2146
0%
77 x 28 2156
0%
57 x 38 2166
0%
47 x 48 2256
0%
27 x 88 2376
0%
87 x 28 2436
0%
37 x 68 2516
0%
67 x 38 2546
0%
27 x 98 2646
0%
97 x 28 2716
0%
47 x 58 2726
0%
37 x 78 2886
0%
47 x 68 3196
0%
67 x 48 3216
0%
87 x 38 3306
0%
37 x 98 3626
0%
47 x 78 3666
0%
97 x 38 3686
0%
57 x 68 3876
0%
67 x 58 3886
0%
47 x 88 4136
0%
87 x 48 4176
0%
57 x 78 4446
0%
77 x 58 4466
0%
67 x 68 4556
0%
47 x 98 4606
0%
17 x 28 476
0%
27 x 18 486
0%
57 x 88 5016
0%
87 x 58 5046
0%
67 x 78 5226
0%
77 x 68 5236
0%
57 x 98 5586
0%
97 x 58 5626
0%
67 x 88 5896
0%
87 x 68 5916
0%
77 x 78 6006
0%
17 x 38 646
0%
67 x 98 6566
0%
97 x 68 6596
0%
77 x 88 6776
0%
87 x 78 6786
0%
77 x 98 7546
0%
27 x 28 756
0%
97 x 78 7566
0%
87 x 88 7656
0%
17 x 48 816
0%
17 x 58 986
0%
Aucun quiz correspondant
Distribution des résultats
% des personnes avec chaque résultat
Percentile par nombre de réponses
Votre historique - résultats
Vous n’avez pas pris ce quiz depuis la dernière actualisation